| 000 | 01033nam a22003257a 4500 | ||
|---|---|---|---|
| 003 | CHAP | ||
| 005 | 20220329135251.0 | ||
| 008 | 971013s1975 r 00010 d | ||
| 010 | _a33527 | ||
| 011 | _a34499 | ||
| 035 | _a38615 | ||
| 040 | _cCHAP | ||
| 090 | _aFolleto 3703 | ||
| 100 | 0 | 0 |
_aEmmanuel, Hailu W. _936526 |
| 245 | _aLand tenure, land use, and development in the Awash valley, Ethiopia | ||
| 260 |
_aMadison, Wis. : _bLand Tenure Center, _c1975 |
||
| 300 |
_a40 p. _b: mapas |
||
| 490 |
_aLTC _v; 105 |
||
| 590 |
_aBATCH-UPD _b10 _c20130110 _lUCH01 _h2140 |
||
| 590 |
_aBATCH-UPD _b10 _c20130410 _lUCH01 _h1449 |
||
| 590 |
_aBATCH-UPD _b10 _c20130914 _lUCH01 _h1709 |
||
| 590 |
_aCONVERSION _b10 _c20130109 _lUCH01 _h1319 |
||
| 650 | 1 | 4 |
_aAgricultura _xEtiopia. _91475 |
| 650 | 1 | 4 |
_aTierras _xTenencia _xEtiopĂa. _9113162 |
| 830 | 0 |
_aLTC _v; 105 _968830 |
|
| 901 | _aBK | ||
| 942 | _cFOLL | ||
| 949 |
_aFolleto 3703 _bBC _cFOLL _d-88293 _eTS1 _i38615 _mD _si |
||
| 949 |
_aFolleto 3703 _bBC _cFOLL _d-88294 _eTS2 _fc.2 _i38615 _mD _si |
||
| 999 |
_c33527 _d33527 |
||